01445cam a2200301 i 4500999001700000001000800017005001700025008004100042010001700083020001500100043001200115050002200127100005900149240004800208245008400256260013700340300003300477500008400510500002000594600006900614650004200683651005100725700003200776700013000808740004900938942003400987952012201021 c19771d19771412513820170117141420.0760618s1977 vaua c 001 0deng  a 76021073  a0813906326 an-us---00aNC910.5.E3A4 19771 aEdouart, Augustin-Amant-Constant-Fidèle,d1789-1861.10aSilhouettes of eminent Americans, 1839-184410aAuguste Edouart's Silhouettes of eminent Americans, 1839-1844 /cAndrew Oliver. aCharlottesville :bPublished for the National Portrait Gallery, Smithsonian Institution, by the University Press of Virginia,c1977. axv, 553 p. :bill. ;c31 cm. a"Catalogue of 3,800 American silhouettes by Edouart" by E. Jackson: p. 509-549. aIncludes index.10aEdouart, Augustin-Amant-Constant-Fidèle,d1789-1861vCatalogs. 0aSilhouetteszUnited StatesvCatalogs. 0aUnited StatesxBiographyxPortraitsvCatalogs.1 aOliver, Andrew,d1906-1981.12aJackson, Emily,d1861-tCatalogue of 3,800 named and dated American silhouette portraits by August Edouart, 1789-1861.f1976.0 aSilhouettes of eminent Americans, 1839-1844. 2lcccBOOKShNC910.5.E3A4 1977 00102lcc4070aMUCbMUCcGENd2017-01-17eDonation(BFA)l0oNC910.5.E3A4 1977p29448r2017-01-17w2017-01-17yBOOKS